| 000 | 00810cam a22002171 4500 | ||
|---|---|---|---|
| 001 | l 59000058 | ||
| 003 | DLC | ||
| 005 | 20260227111545.0 | ||
| 008 | 840403s1959 dcu f000 0 eng c | ||
| 010 | _al 59000058 | ||
| 035 | _a(OCoLC)10586467 | ||
| 040 |
_aU.S. Dept. of Labor Library _cAMAU _dDLC |
||
| 042 | _apremarc | ||
| 050 | 0 | 0 |
_aHD5325 _b.I5 1959.U5 |
| 110 | 1 |
_aUnited States. _bBoard of Inquiry to Report on a Labor Dispute Affecting the Steel Industry. |
|
| 245 | 0 | 0 |
_aReport to the President; _bthe 1959 labor dispute in the steel industry, submitted by the Board of Inquiry under Executive orders 10843 and 10848. |
| 260 |
_aWashington, _bU.S. Govt. Print. Off., _c1959. |
||
| 300 |
_aiii, 40 p. _c23 cm. |
||
| 650 | 0 | _aSteel Strike, 1959. | |
| 650 | 0 |
_aIron and steel workers _zUnited States. |
|
| 999 |
_c36998 _d36998 |
||